000
00246nam a2200109Ia 4500
008
190216s9999||||xx |||||||||||||| ||und||
100
_a
Harrold Robbins
245
0
_a
Dreams Die First
260
_b
Penguin Books
650
_a
English
942
_c
BK
999
_c
12755
_d
12755